000 00661nam a22002417a 4500
003 UA-OsUOA
001 104656
007 ta
008 20140124b un ||||| |||| 00| 0 ukr d
100 _aХолмс А. Ф.
090 _a268:17
_bХ72
942 _cBK
040 _aUA-OsUOA
_bukr
_cUA-OsUOA
_dUA-OsUOA
245 _aЭтика. Принятие нравственных решений
300 _a176 с.
955 _a1
041 _aukr
080 _a268:17
020 _a978-966-491-473-1
260 _aСимферополь
_bДИАЙПИ
_c2013
650 7 _a26 Християнська Церква загалом
_2UDC
999 _c390851
_d390851